000
00251nam a22000977a 4500
020
_a
9788496848054
100
_a
Ramon C Gelabert
245
_a
Stress and Anxiety; scientific and natural treatments
260
_a
Spain
_b
Ediciones Vidasana
942
_c
BK
999
_c
250994
_d
250994